000 00365nam a2200145Ia 4500
008 240624s9999 xx 000 0 und d
041 _aeng
082 _a332.6 FAB
100 _aFABOZZI FRANK J
245 _aBOND PORTFOLIO MANAGEMENT
250 _a(2nd ed.)
260 _c2001
_aNew Jersey
_bJohn Wiley and Sons
300 _a724 : p. : cm. ; 24
365 _c
_b30
999 _c10585
_d10585